[Event "Valby K41 Aabent-ch 0809"]
[Site "Valby"]
[Date "2008.11.11"]
[Round "1"]
[White "Nielsen, Soren Skovso"]
[Black "Wassmann, Martin"]
[Result "1-0"]
[WhiteElo "1556"]
[BlackElo "1098"]
[PlyCount "89"]
[EventDate "2008.11.11"]
[EventType "swiss"]
[EventRounds "9"]
[EventCountry "DEN"]
[SourceTitle "EXT 2023"]
[Source "ChessBase"]
[SourceDate "2022.10.05"]
[SourceVersion "1"]
[SourceVersionDate "2022.10.05"]
[SourceQuality "1"]

1. e4 e5 2. Nf3 Nf6 3. Nc3 Nc6 4. Bb5 Nd4 5. Bc4 d6 6. Ng5 Be6 7. Nxe6 Nxe6 8. d3 Nd4 9. 0-0 c6 10. Be3 a6 11. a3 d5 12. exd5 cxd5 13. Ba2 Ne6 14. d4 Bd6 15. Nxd5 Nxd5 16. Bxd5 Qc7 17. Bxe6 fxe6 18. g3 0-0-0 19. Qg4 Rhe8 20. c4 exd4 21. Bxd4 Be5 22. Bxe5 Qxe5 23. b3 Rd4 24. Qh3 h5 25. Rae1 Re4 26. Rxe4 Qxe4 27. Qxh5 g6 28. Qc5+ Kb8 29. b4 Rc8 30. Qd6+ Ka8 31. c5 Rc6 32. Qd8+ Ka7 33. Qd2 e5 34. Re1 Qd4 35. Qe2 Re6 36. Rd1 Qc3 37. Rd3 Qc1+ 38. Kg2 Qc4 39. Qe3 e4 40. c6+ Kb8 41. Rc3 Qd5 42. Qf4+ Rd6 43. Rc5 Qd3 44. Qf8+ Rd8 45. c7+ 1-0